Catálogo público

Weed and crop resistance to herbicides / (Record no. 204049)

MARC details
000 -CABECERA
campo de control de longitud fija 00850nam a2200289Ia 4500
001 - NÚMERO DE CONTROL
campo de control Para_5582
003 - IDENTIFICADOR DEL NÚMERO DE CONTROL
campo de control CHAP
008 - DATOS DE LONGITUD FIJA--INFORMACIÓN GENERAL
campo de control de longitud fija 220125s1997 xx 000 0 und d
010 ## - NÚMERO DE CONTROL DE LA BIBLIOTECA DEL CONGRESO
Número de control de LC 204049
040 ## - FUENTE DE LA CATALOGACIÓN
Centro/agencia transcriptor CHAP
082 ## - NÚMERO DE LA CLASIFICACIÓN DECIMAL DEWEY
Número de clasificación PA 632.58 D4
100 ## - ENTRADA PRINCIPAL--NOMBRE DE PERSONA
Nombre de persona De Prado, R.
9 (RLIN) 170082
245 ## - MENCIÓN DE TÍTULO
Título Weed and crop resistance to herbicides /
Mención de responsabilidad, etc. by R. De Prado, J. Jorrín and L. García-Torres
260 ## - PUBLICACIÓN, DISTRIBUCIÓN, ETC.
Lugar de publicación, distribución, etc. Dordrecht :
Nombre del editor, distribuidor, etc. Kluwer Academic Publishers
300 ## - DESCRIPCIÓN FÍSICA
Extensión 340 p.
650 ## - PUNTO DE ACCESO ADICIONAL DE MATERIA--TÉRMINO DE MATERIA
Término de materia o nombre geográfico como elemento de entrada Malas hierbas
Subdivisión general competencia
9 (RLIN) 70009
650 ## - PUNTO DE ACCESO ADICIONAL DE MATERIA--TÉRMINO DE MATERIA
Término de materia o nombre geográfico como elemento de entrada Malas hierbas
Subdivisión general resistencia herbicidas
9 (RLIN) 164945
700 ## - PUNTO DE ACCESO ADICIONAL--NOMBRE DE PERSONA
Nombre de persona García
Número Internacional Normalizado para Publicaciones Seriadas Torres, L.
9 (RLIN) 170083
700 ## - PUNTO DE ACCESO ADICIONAL--NOMBRE DE PERSONA
Nombre de persona Jorrín, J.
9 (RLIN) 170084
901 ## - ELEMENTOS DE DATOS A LOCAL LDA (RLIN)
a PA 632.58 D4
902 ## - ELEMENTOS DE DATOS B LOCAL, LDB (RLIN)
a A
905 ## - ELEMENTOS DE DATOS E LOCAL, LDE (RLIN)
a 0000001997 n 0000000000 00
910 ## - DATOS DE OPCIÓN DEL USUARIO (OCLC)
Datos de opción del usuario 1997
942 ## - ELEMENTOS DE PUNTO DE ACCESO ADICIONAL (KOHA)
Tipo de ítem Koha Parasitologia_
942 ## - ELEMENTOS DE PUNTO DE ACCESO ADICIONAL (KOHA)
Tipo de ítem Koha Parasitologia_
-- 1
Holdings
Estado de retiro Estado de pérdida Fuente del sistema de clasificación o colocación Estado dañado Restricciones de uso No para préstamo Código de colección Localización permanente Ubicación/localización actual Fecha de adquisición Número de inventario Total de préstamos Signatura topográfica completa Código de barras Fecha visto por última vez Número de copia Precio válido a partir de Tipo de ítem Koha Nota pública
    Dewey Decimal Classification   Préstamo interno   General Parasitologia Agricola Parasitologia Agricola 27/10/2005 (PA_8027) (No. UACh 212329)   PA 632.58 D4 4102002123 25/01/2022 Ej.1 25/01/2022 Libro 3